Meridiano CERI (Registro nro. 25485)
[ vista simple ]
| 000 -CABECERA | |
|---|---|
| Longitud fija campo de control | 01356nas a2200385 c 4500 |
| 001 - NÚMERO DE CONTROL | |
| Número de control | 25485 |
| 003 - IDENTIFICADOR DE NÚMERO DE CONTROL | |
| Identificador del número de control | ES-MaCES |
| 005 - FECHA Y HORA DE LA ÚLTIMA TRANSACCIÓN | |
| Fecha y hora de la última transacción | 20250408095635.0 |
| 008 - CAMPO FIJO DE DESCRIPCIÓN FIJA--INFORMACIÓN GENERAL | |
| Códigos de información de longitud fija | 951120d19951999sp b| | |spa d |
| 035 ## - NÚMERO DE CONTROL DEL SISTEMA | |
| Número de control del sistema | CES19980004666p |
| Número de control cancelado;no válido | 10480 |
| 040 ## - FUENTE DE CATALOGACIÓN | |
| Centro catalogador de origen | ES-MaCES |
| Lengua de catalogación | spa |
| Centro transcriptor | ES-MaCES |
| 245 00 - MENCIÓN DE TÍTULO | |
| Título | Meridiano CERI |
| 260 ## - PUBLICACIÓN, DISTRIBUCIÓN, ETC (PIE DE IMPRENTA) | |
| Lugar de publicación, distribución, etc. | Madrid (Hortaleza, 104, 28004) |
| Nombre del editor, distribuidor, etc. | Fundación Ortega y Gasset |
| Fecha de publicación, distribución, etc. | -1999 |
| 300 ## - DESCRIPCIÓN FÍSICA | |
| Extensión | v. |
| Dimensiones | 28 cm |
| 310 ## - PERIODICIDAD ACTUAL DE LA PUBLICACIÓN | |
| Periodicidad actual | Bimestral |
| 362 0# - DATOS DE LA PUBLICACIÓN Y/O DESIGNACIÓN SECUENCIAL | |
| Fecha de publicación y;o designación secuencial | - n. 30 (dic. 1999) |
| 500 ## - NOTA GENERAL | |
| Nota general | Director, Antonio Remiro |
| 500 ## - NOTA GENERAL | |
| Nota general | Descripción basada en: n. 2 (marzo 1995) |
| 500 ## - NOTA GENERAL | |
| Nota general | En la cub.: Centro Español de Relaciones Internacionales |
| 541 ## - NOTA DE LA FUENTE INMEDIANTE DE ADQUISICIÓN | |
| Forma de adquisición | Gratuito |
| 592 ## - CES. NOTA ESTADO DE LA PUBLICACIÓN | |
| Estado publicación | Cerrada |
| 650 #4 - ASIENTO SECUNDARIO DE MATERIA--TÉRMINO DE MATERIA | |
| Término de materia o nombre geográfico como elemento inicial | relaciones internacionales |
| 9 (RLIN) | 26675 |
| 650 #4 - ASIENTO SECUNDARIO DE MATERIA--TÉRMINO DE MATERIA | |
| Término de materia o nombre geográfico como elemento inicial | política |
| 9 (RLIN) | 27246 |
| 653 10 - TÉRMINO DE INDEXACIÓN--NO CONTROLADO | |
| Término no controlado | Ciencias Sociales-Políticas |
| 700 1# - ENCABEZAMIENTO SECUNDARIO--NOMBRE PERSONAL | |
| Nombre de persona | Remiro Brotóns, Antonio |
| Término indicativo de función | dir. |
| 9 (RLIN) | 21885 |
| 710 2# - ENCABEZAMIENTO SECUNDARIO--NOMBRE CORPORATIVO | |
| Nombre de entidad o nombre de jurisdicción como elemento inicial | Centro Español de Relaciones Internacionales |
| 9 (RLIN) | 1903 |
| 710 2# - ENCABEZAMIENTO SECUNDARIO--NOMBRE CORPORATIVO | |
| Nombre de entidad o nombre de jurisdicción como elemento inicial | Fundación José Ortega y Gasset |
| Término indicativo de función | ed. |
| 9 (RLIN) | 3851 |
| 853 21 - LEYENDAS Y PATRÓN--UNIDAD BIBLIOGRÁFICA BÁSICA | |
| Segundo nivel de enumeración | n. |
| Primer nivel de cronología | año |
| Segundo nivel de cronología | mes |
| Continuidad en la numeración | c |
| Frecuencia | b |
| 856 42 - ACCESO ELECTRÓNICO | |
| Identificador Uniforme del Recurso (URI) | <a href="https://dialnet.unirioja.es/servlet/revista?codigo=19385">https://dialnet.unirioja.es/servlet/revista?codigo=19385</a> |
| Texto del enlace | tabla de contenido a través de Dialnet |
| 866 #0 - FUENTES TEXTUALES--UNIDAD BIBLIOGRÁFICA BÁSICA | |
| Holdings textuales | (1995) 1996-1997 (1998) 1999. |
| Nota pública | Ubicación: DEPÓSITO - 10480 |
| 868 #0 - FUENTES TEXTUALES--ÍNDICES | |
| Holdings textuales | 1996-1997. |
| 905 ## - CES. DATOS REVISTA | |
| Boletín de sumarios (Sirtex 591$a) | Boletín D |
| Proceso | + |
| 942 ## - ELEMENTOS KOHA | |
| Fuente de clasificaión o esquema | Clasificación propia del CES |
| Koha [por defecto] tipo de item | Periódicas |
| Parte de clasificación | 7.0. |
| Número de registro | Signatura completa | Tipo de item de Koha |
|---|---|---|
| 010439 | 10480 | Periódicas |
| 010440 | 10480 | Periódicas |
| 010855 | 10480 | Periódicas |
| 011610 | 10480 | Periódicas |
| 012228 | 10480 | Periódicas |
| 000803 | 10480 | Periódicas |
| 014367 | 10480 | Periódicas |
| 015187 | 10480 | Periódicas |
| 016244 | 10480 | Periódicas |
| 016964 | 10480 | Periódicas |
| 017783 | 10480 | Periódicas |
| 018860 | 10480 | Periódicas |
| 018861 | 10480 | Periódicas |
| 019937 | 10480 | Periódicas |
| 020769 | 10480 | Periódicas |
| 021161 | 10480 | Periódicas |
| 022048 | 10480 | Periódicas |
| 023070 | 10480 | Periódicas |
| 025462 | 10480 | Periódicas |
| 024334 | 10480 | Periódicas |
| 025463 | 10480 | Periódicas |
| 026033 | 10480 | Periódicas |
| 026554 | 10480 | Periódicas |
| 031532 | 10480 | Periódicas |
| 031533 | 10480 | Periódicas |
| 031534 | 10480 | Periódicas |
| 031535 | 10480 | Periódicas |
| 041898 | 10480 | Periódicas |
| 041899 | 10480 | Periódicas |
| 041900 | 10480 | Periódicas |
